| 000 | 00711nam a2200217 u 4500 | ||
|---|---|---|---|
| 005 | 20240315063710.0 | ||
| 008 | 101108s2006 ag r 000 0 spa d | ||
| 020 | _a9871335024 (10 dígitos) | ||
| 020 | _a9789871335022 (13 dígitos) | ||
| 035 | _aUPN01000178428 | ||
| 049 | _aCG | ||
| 050 | 4 |
_aJA71 _bP6.4 |
|
| 245 | 0 | 3 |
_aLa política, las palabras y la plaza / _ccomp. José Pablo Martín. |
| 260 |
_aBuenos Aires : _bDel Estante : _bUniversidad Nacional de General Sarmiento, _c2006. |
||
| 300 | _a199 p. | ||
| 440 | 0 | _aFilosofías y Políticas | |
| 650 | 2 |
_aFilosofía política _95807 |
|
| 650 | 4 |
_aCiencias políticas _xFilosofía _98065 |
|
| 700 | 1 |
_aMartín, José Pablo, _ecomp. |
|
| 905 | _aLibro | ||
| 999 |
_c150531 _d150531 |
||